Studying on gumboro disease of hybrid chicken meat and theirs antibodies through haemagglutiion-and haemagglutination inhibitor-test at royal university of agriculture, ការសិក្សាលើជំងឺហ្គុំបូរ៉ូរបស់មាន់សាច់កូនតាត់និងអង់ទីគ័ររបស់វាតាមរយៈHAEMAGGLUTINATION-AND HAEMAGGLUTINATION INHIBITOR-TEST ណោសាកលវិទ្យាល័យភូមិន្ទកសិកម្ម (Record no. 2658)
[ view plain ]
| 000 -LEADER | |
|---|---|
| fixed length control field | 00875nam a22001577a 4500 |
| 003 - CONTROL NUMBER IDENTIFIER | |
| control field | OSt |
| 005 - DATE AND TIME OF LATEST TRANSACTION | |
| control field | 20151025084523.0 |
| 008 - FIXED-LENGTH DATA ELEMENTS--GENERAL INFORMATION | |
| fixed length control field | 151025b xxu||||| |||| 00| 0 eng d |
| 040 ## - CATALOGING SOURCE | |
| Transcribing agency | RUA |
| 082 ## - DEWEY DECIMAL CLASSIFICATION NUMBER | |
| Classification number | AVM YIN 2013 B108 Or,1 |
| 100 ## - MAIN ENTRY--PERSONAL NAME | |
| 9 (RLIN) | 2840 |
| Personal name | YIN, MAKARA. |
| 245 ## - TITLE STATEMENT | |
| Title | Studying on gumboro disease of hybrid chicken meat and theirs antibodies through haemagglutiion-and haemagglutination inhibitor-test at royal university of agriculture, ការសិក្សាលើជំងឺហ្គុំបូរ៉ូរបស់មាន់សាច់កូនតាត់និងអង់ទីគ័ររបស់វាតាមរយៈHAEMAGGLUTINATION-AND HAEMAGGLUTINATION INHIBITOR-TEST ណោសាកលវិទ្យាល័យភូមិន្ទកសិកម្ម |
| 260 ## - PUBLICATION, DISTRIBUTION, ETC. (IMPRINT) | |
| Place of publication, distribution, etc. | Phnom Penh |
| Name of publisher, distributor, etc. | RUA |
| Date of publication, distribution, etc. | 2013 |
| 300 ## - PHYSICAL DESCRIPTION | |
| Extent | xi; 41p. |
| Other physical details | ill. |
| Dimensions | 29cm. |
| 942 ## - ADDED ENTRY ELEMENTS (KOHA) | |
| Source of classification or shelving scheme | |
| Koha item type | AVM |
| Price effective from | Date last seen | Permanent Location | Not for loan | Date acquired | Source of classification or shelving scheme | Koha item type | Lost status | Withdrawn status | Date last checked out | Total Checkouts | Shelving location | Damaged status | Barcode | Current Location | Full call number |
|---|---|---|---|---|---|---|---|---|---|---|---|---|---|---|---|
| 2015-10-25 | 2015-10-25 | Library Block B | 2015-10-25 | AVM | B108 | RUA009876 | Library Block B | AVM YIN 2013 B108 Or.1 | |||||||
| 2015-10-25 | 2018-05-30 | Library Block B | 2015-10-25 | AVM | 2018-05-23 | 1 | B108 | RUA018150 | Library Block B | AVM YIN 2013 B108 Or.2 | |||||
| 2015-10-25 | 2015-10-25 | Library Block B | 2015-10-25 | AVM | B108 | RUA011889 | Library Block B | AVM YIN 2013 B108 Or.3 | |||||||
| 2015-10-25 | 2026-02-06 | Library Block B | 2015-10-25 | AVM | 2026-01-13 | 1 | B108 | RUA017870 | Library Block B | AVM YIN 2013 B108 Or.4 | |||||
| 2015-10-25 | 2015-10-25 | Library Block B | 2015-10-25 | AVM | B108 | RUA017798 | Library Block B | AVM YIN 2013 B108 Or.5 | |||||||
| 2015-10-25 | 2015-10-25 | Library Block B | 2015-10-25 | AVM | B108 | RUA017726 | Library Block B | AVM YIN 2013 B108 Or.6 | |||||||
| 2015-10-25 | 2015-10-25 | Library Block B | 2015-10-25 | AVM | B108 | RUA017607 | Library Block B | AVM YIN 2013 B108 Or.7 | |||||||
| 2015-10-25 | 2015-10-25 | Library Block B | 2015-10-25 | AVM | B108 | RUA017535 | Library Block B | AVM YIN 2013 B108 Or.8 |